000 00643nam a22002177a 4500
003 UA-OsUOA
001 118706
007 ta
008 20160913b un ||||| |||| 00| 0 ukr d
100 _aСьомченков О.А.
090 _a330(477)
_bС94
942 _cSA
040 _aUA-OsUOA
_bukr
_cUA-OsUOA
_dUA-OsUOA
245 _aПерспективні напрями репозитарної діяльності в Україні
300 _aС.116-128
955 _a0
041 _aukr
080 _a330(477)
773 0 _w118699
_tФінанси України
_dК.
_d2016
_g7
650 7 _a330 Економіка взагалі
_2UDC
999 _c404802
_d404802